000 00557nam a2200229Ia 4500
003 OSt
005 20221005120039.0
006 a|||||r|||| 00| 0
007 ta
008 221004b |||||||| |||| 00| 0 guj d
024 _a46707
037 _cTextual
040 _aCRL
_cCRL
_bguj
041 _2guj
_aguj
082 _aP156, J5
100 _aDev Ishwarlal
_9628439
245 0 _aDakshin bharatna surashitrya
260 _c1911
650 _aSOCIOLOGY
942 _hP156, J5
_cTEXL
_2cc
999 _c1036707
_d1036707